| 000 | 00364nam a22001337a 4500 | ||
|---|---|---|---|
| 008 | 171127b xxu||||| |||| 00| 0 eng d | ||
| 020 | _a9789928226341 | ||
| 041 | _aeng | ||
| 080 | _a612.39 | ||
| 100 | _a10 | ||
| 101 | _aSHU | ||
| 245 |
_aUDHEZIME PRAKTIKE SE SI TE MARRIM INFORMACIONE NGA PROCESI I REGJISTRIMIT TE PESTICIDEVE NE BE _cCARA, M |
||
| 942 |
_2udc _cBK |
||
| 999 |
_c38587 _d38587 |
||